000 00913nam a22003257a 4500
001 BR0705699
003 BR-BrBNA
005 20230928102547.0
007 ta
008 230509b bl.||||| |||| 00| 0 por d
040 _aBR-BrBNA
_bpor
_cBiblioteca Nacional de Agricultura
041 _a(Por)
072 _aQ70
090 _ Q70 BR0705699
110 1 _aSecretaria de Ciência, Tecnologia e Meio Ambiente, Recife, PE (Brasil)
_98714
245 1 _aPolítica de resíduos sólidos do estado de Pernambuco
250 1 _a3. ed.
260 3 _aRecife, PE (Brasil):
_c2006.
300 _a97 p.
500 _a13 illus.
650 _aRESÍDUO SÓLIDO
650 _aEDUCAÇÃO AMBIENTAL
650 _aMEIO AMBIENTE
650 _aPOLUIÇÃO
650 _aRECICLAGEM
650 _aPROJETO DE DESENVOLVIMENTO
650 _aPOLÍTICA GOVERNAMENTAL
909 _a202309
_bLucia
_c55
_dLucia Elande
942 _cBK
999 _c71409
_d71409